000 00937nam a2200241 i 4500
001 65394
003 ES-MaACL
005 20250721134304.0
007 t|
008 040112s1916 sp |||| | spa d
080 _a336.722:656.885(460)
100 1 _aFrancos Rodríguez, José,
_d1862-1931
_952286
245 1 0 _aVida postal española :
_bartículos y discursos /
_cde José Francos Rodríguez.
260 _aMadrid :
_b[Cuerpo de Correos],
_c1916 (
_fImp. de los Hijos de M.G. Hernández)
300 _a238 p. ;
_c19 cm.
530 _aDisponible en formato digital.
610 2 4 _aCaja Postal de Ahorros (España)
_92340
852 _aES-MaACL
_jA-4875
_cSPREF
_zRevisado enlace: 21 de julio de 2025
852 _aES-MaACL
_jF-1057
_cDEPO2
_zRevisado enlace: 21 de julio de 2025
856 4 _uhttp://bdh-rd.bne.es/viewer.vm?id=0000059015&page=1
_yBiblioteca Digital Hispánica
942 _2udc
999 _c65394
_d65394